Klasyfikacja Pucharu Świata 25/26 - Statystyki

Ogólne statystyki
  • Ten quiz został rozwiązany 55 razy
  • Średni wynik to 37 z 77
Statystyki odpowiedzi
Miejsce Skoczek Narodowość Pkt % Poprawnych
1. Domen Prevc Słowenia 2148
94%
5. Anze Lanisek Słowenia 1009
83%
2. Ryoyu Kobayashi Japonia 1194
83%
23. Kacper Tomasiak Polska 391
81%
4. Ren Nikaido Japonia 1109
75%
8. Jan Hoerl Austria 772
72%
31. Kamil Stoch Polska 186
72%
33. Piotr Żyła Polska 162
72%
10. Stefan Kraft Austria 631
69%
6. Stephan Embacher Austria 992
69%
16. Valentin Foubert Francja 443
67%
3. Daniel Tschofenig Austria 1159
64%
44. Dawid Kubacki Polska 54
64%
9. Felix Hoffmann Niemcy 662
64%
28. Karl Geiger Niemcy 256
64%
12. Marius Lindvik Norwegia 602
64%
14. Naoki Nakamura Japonia 579
64%
43. Paweł Wąsek Polska 64
64%
27. Timi Zajc Słowenia 260
64%
22. Antti Aalto Finlandia 395
61%
19. Gregor Deschwanden Szwajcaria 418
61%
11. Johann Andre Forfang Norwegia 622
61%
13. Manuel Fettner Austria 589
61%
25. Andreas Wellinger Niemcy 331
58%
36. Kevin Bickner USA 128
58%
7. Philipp Raimund Niemcy 967
58%
34. Yukiya Sato Japonia 148
58%
37. Artti Aigro Estonia 107
56%
39. Maciej Kot Polska 87
56%
24. Niko Kytosaho Finlandia 347
56%
41. Tate Frantz USA 66
56%
21. Tomofumi Naito Japonia 401
56%
64. (ex aequo) Aleksander Zniszczoł Polska 7
53%
35. Jason Colby USA 147
53%
15. Kristoffer Eriksen Sundal Norwegia 462
53%
17. Maximilian Ortner Austria 432
53%
20. Władimir Zografski Bułgaria 415
53%
52. Alex Insam Włochy 30
50%
26. Halvor Egner Granerud Norwegia 274
50%
29. Pius Paschke Niemcy 231
50%
40. Rok Oblak Słowenia 83
50%
50. Roman Koudelka Czechy 38
50%
32. Sandro Hauswirth Szwajcaria 174
50%
46 (ex aequo) Simon Ammann Szwajcaria 41
50%
18. Jonas Schuster Austria 426
47%
54. Giovanni Bresadola Włochy 27
44%
70. (ex aequo) Junshiro Kobayashi Japonia 4
44%
46. (ex aequo) Hektor Kapustik Słowacja 41
42%
55. (ex aequo) Jewhen Marusiak Ukraina 24
42%
72. (ex aequo) Klemens Joniak Polska 2
42%
49. Sakutaro Kobayashi Japonia 40
42%
45. Clemens Aigner Austria 48
39%
30. Isak Andreas Langmo Norwegia 211
39%
70. (ex aequo) Killian Peier Szwajcaria 4
39%
38. Benjamin Oestvold Norwegia 88
36%
75. (ex aequo) Keiichi Sato Japonia 1
36%
46. (ex aequo) Felix Trunz Szwajcaria 41
33%
58. (ex aequo) Francesco Cecon Włochy 15
33%
75. (ex aequo) Mackenzie Boyd-Clowes Kanada 1
33%
51. Markus Mueller Austria 33
33%
53. Danił Wasiljew Kazachstan 28
31%
55. (ex aequo) Eetu Nousiainen Finlandia 24
31%
61. Ziga Jancar Słowenia 12
31%
57. Robin Pedersen Norwegia 16
28%
60. Vilho Palosaari Finlandia 14
28%
42. Ilja Miziernych Kazachstan 65
25%
63. Luca Roth Niemcy 10
25%
72. (ex aequo) Witalij Kaliniczenko Ukraina 2
25%
67. (ex aequo) Yanick Wasser Szwajcaria 5
25%
66. Ben Bayer Niemcy 6
22%
62. Juri Kesseli Szwajcaria 11
22%
67. (ex aequo) Andrew Urlaub USA 5
19%
67. (ex aequo) Zak Mogel Słowenia 5
19%
64. (ex aequo) Jarko Maataa Finlandia 7
8%
75. (ex aequo) Soelve Jokerud Strand Norwegia 1
8%
72. (ex aequo) Joergen Oliver Stroem Norwegia 2
6%
58. (ex aequo) Adrian Thon Gundersrud Norwegia 15
3%
Nie znaleziono quizów pasujących do podanych kryteriów
Rozkład punktacji
Procent ludzi z każdym wynikiem
Percentyl według liczby udzielonych odpowiedzi
Twoja historia wyników
Nie rozwiązałeś tego quizu